Investing in developing countries

Сохранить в:
Библиографические подробности
Формат:
Язык:Undetermined
Опубликовано: Paris OECD 1972
Предметы:
Метки: Добавить метку
Нет меток, Требуется 1-ая метка записи!
Thư viện lưu trữ: Trung tâm Học liệu Trường Đại học Cần Thơ
LEADER 00520nam a2200169Ia 4500
001 CTU_83405
008 210402s9999 xx 000 0 und d
082 |a 332.6 
082 |b I.62 
245 0 |a Investing in developing countries 
260 |a Paris 
260 |b OECD 
260 |c 1972 
650 |a Economic assistance,Investments foreign,Đầu tư và các hình thức đầu tư 
650 |x Developing countries 
904 |i QHieu(sửa) 
980 |a Trung tâm Học liệu Trường Đại học Cần Thơ